000 00500nam a2200133Ia 4500
008 190228s9999 xx 000 0 und d
020 _a9781119347224
100 _aAltidor, Welby.
245 _cWelby Altidor.--
_aCreative courage :
_bleveraging imagination, collaboration, and innovation to create success beyond your wildest dreams /
260 _aNew Jersey :
_bJohn Willey & Sons
_c2017
300 _axxx, 186 pages.
650 _aBusiness and Economic -- Management
650 _aCreative thinking
999 _c361309
_d361309